logo

Bir Sreshtho Munshi Abdur Rouf Library
Jhenaidah Cadet College

দিনযাপনের ভূগোলে রবীন্দ্রনাথ / (Record no. 1087)

MARC details
000 -LEADER
fixed length control field 00629nam a2200217 a 4500
001 - CONTROL NUMBER
JCCL Control Number 1087
003 - CONTROL NUMBER IDENTIFIER
JCCL marc code BD-JhCC
005 - DATE AND TIME OF LATEST TRANSACTION
control field 20171014205921.0
008 - FIXED-LENGTH DATA ELEMENTS--GENERAL INFORMATION
fixed length control field 171014s1998 bg |||| ||a| 000 0 ben d
020 ## - INTERNATIONAL STANDARD BOOK NUMBER
International Standard Book Number 9844150639
035 ## - SYSTEM CONTROL NUMBER
system control number (BD-JhCC)1087
040 ## - CATALOGING SOURCE
Original cataloging agency BD-JhCC
Modifying agency BD-JhCC
041 ## - LANGUAGE CODE
Language code of Book ben
082 ## - DEWEY DECIMAL CLASSIFICATION NUMBER
Classification number 891.4409
Author mark and Year MAD 1998
100 ## - MAIN ENTRY--PERSONAL NAME
Personal name মামুদ, হায়াৎ
245 ## - TITLE STATEMENT
Title দিনযাপনের ভূগোলে রবীন্দ্রনাথ /
Statement of responsibility, etc হায়াৎ মামুদ
300 ## - PHYSICAL DESCRIPTION
Pagination 68 p. :
Dimensions 21 cm.
650 ## - SUBJECT ADDED ENTRY--TOPICAL TERM
Topical term or geographic name as entry element Bengali Literature
General subdivision Literature
942 ## - ADDED ENTRY ELEMENTS (KOHA)
Source of classification or shelving scheme Dewey Decimal Classification
Koha item type Books
Holdings
Source of classification or shelving scheme Damaged status Not for loan Home library Current library Shelving location Date of accession Source of acquisition Cost, normal purchase price Total Checkouts Full call number Barcode Date last seen Copy number Koha item type
Dewey Decimal Classification     JCC Rouf Library JCC Rouf Library General Stacks 10/14/2017 Jahedee Foundation 45.00   891.4409 MAH 1998 1939 10/14/2017 C-1 Books

JCC Library | Contacts | JCC Home

Last Update on 23 September 2017
Copyright @ 2017-2020 JCC Rouf Library
Rouf Library, Jhenidah Cadet College (JCC), Bangladesh